000 00647nam a22002177a 4500
005 20160202053917.0
008 110909s2012 nyu b 001 0 eng
020 _a9780071756228 (alk. paper)
020 _a0071756221 (alk. paper)
024 0 _ceng
080 _a339.1
100 1 _aShull, Denise.
245 1 0 _aMarket mind games :
_cDenise Shull.
250 _a1 st.ed.;
260 _aNew York :
_bMcGraw-Hill,
_c2012.
300 _a270 f. ;
_c23 cm.
504 _aIncludes bibliographical references and index f. 239-270
650 0 _aTregu
650 0 _aLojërat
942 _2udc
_cBK
999 _c526
_d526